[Event "BLR-ch (Women) 52nd"]
[Site "Minsk"]
[Date "2008.03.16"]
[Round "7"]
[White "Torgun, Alina"]
[Black "Lvova, Yulia"]
[Result "1-0"]
[WhiteElo "1893"]
[BlackElo "2015"]
[PlyCount "101"]
[EventDate "2008.03.10"]
[EventType "swiss"]
[EventRounds "11"]
[EventCountry "BLR"]
[SourceTitle "CBM 123 Extra"]
[Source "ChessBase"]
[SourceDate "2008.05.06"]
[SourceVersion "1"]
[SourceVersionDate "2008.05.06"]
[SourceQuality "1"]

1. e4 c5 2. Nc3 d6 3. g3 e5 4. d3 g6 5. Bg2 Bg7 6. Nd5 Be6 7. Ne3 Ne7 8. Ne2 Nbc6 9. 0-0 0-0 10. f4 Qd7 11. c3 d5 12. fxe5 d4 13. cxd4 Nxd4 14. Nf4 Bxe5 15. Nxe6 Qxe6 16. Ng4 Bg7 17. Bh6 f6 18. Bh3 Qd6 19. Qd2 g5 20. e5 fxe5 21. Qxg5 Ng6 22. Bg2 Bxh6 23. Nxh6+ Kg7 24. Be4 Rae8 25. h4 Qe7 26. Qh5 Rxf1+ 27. Rxf1 Rf8 28. Rxf8 Qxf8 29. Ng4 Ne2+ 30. Kh2 Qf1 31. Qh6+ Kh8 32. Qe3 Nd4 33. Bg2 Qf5 34. Qe4 Qxe4 35. Bxe4 b6 36. h5 Ne7 37. Nxe5 Kg7 38. Ng4 h6 39. Kg2 Ng8 40. Bg6 Nf6 41. Ne3 Nd7 42. g4 Ne5 43. Be4 Kf6 44. Kg3 Kg5 45. Kh3 Ne2 46. Bf5 Nf4+ 47. Kg3 Nfxd3 48. Bxd3 Nxd3 49. Nc4 b5 50. Nd6 b4 51. Ne4# 1-0

[Event "BLR-ch (Women) 52nd"]
[Site "Minsk"]
[Date "2008.03.13"]
[Round "4"]
[White "Minina, Alena"]
[Black "Torgun, Alina"]
[Result "1/2-1/2"]
[WhiteElo "2071"]
[BlackElo "1893"]
[PlyCount "134"]
[EventDate "2008.03.10"]
[EventType "swiss"]
[EventRounds "11"]
[EventCountry "BLR"]
[SourceTitle "CBM 123 Extra"]
[Source "ChessBase"]
[SourceDate "2008.05.06"]
[SourceVersion "1"]
[SourceVersionDate "2008.05.06"]
[SourceQuality "1"]

1. d4 d5 2. Nf3 Nf6 3. c4 e6 4. Nc3 Nbd7 5. cxd5 exd5 6. Bg5 c6 7. e3 Be7 8. Bd3 0-0 9. Qc2 Re8 10. 0-0 h6 11. Bh4 Ne4 12. Bxe7 Qxe7 13. Rab1 Ndf6 14. b4 Ng4 15. Nd1 Bf5 16. h3 Nexf2 17. Rxf2 Nxf2 18. Kxf2 Bxd3 19. Qxd3 Qe4 20. Qxe4 Rxe4 21. b5 Re7 22. bxc6 bxc6 23. Nd2 Rae8 24. Nb3 f5 25. g3 g5 26. Na5 f4 27. Nxc6 fxe3+ 28. Ke2 Rc7 29. Nb4 Rb8 30. Rb2 Rc4 31. Nd3 Rxb2+ 32. N1xb2 Rxd4 33. Kxe3 Re4+ 34. Kf3 Kf7 35. Nc5 Re1 36. Nbd3 Rh1 37. Nb4 Rxh3 38. Nxd5 Rh2 39. Nc3 Kg6 40. N5e4 Rc2 41. a4 h5 42. Nd5 Ra2 43. Nec3 Ra3 44. Ke4 Ra1 45. Ne3 h4 46. gxh4 gxh4 47. Kf3 Kh5 48. Ned5 Rg1 49. Nf4+ Kh6 50. Nce2 Rg5 51. Ne6 Ra5 52. Nc3 h3 53. Nf4 Rc5 54. Nce2 h2 55. Kg2 Rc4 56. Kxh2 Rxa4 57. Kg3 a5 58. Kf3 Kg5 59. Ke3 Rc4 60. Kd3 Rc8 61. Ne6+ Kf6 62. N6d4 Ke5 63. Nc3 a4 64. Ndb5 Ra8 65. Kc4 a3 66. Kb3 a2 67. Nxa2 Rxa2 1/2-1/2

[Event "BLR-ch (Women) 52nd"]
[Site "Minsk"]
[Date "2008.03.12"]
[Round "3"]
[White "Torgun, Alina"]
[Black "Homiakova, Ekaterina"]
[Result "1/2-1/2"]
[WhiteElo "1893"]
[BlackElo "2105"]
[PlyCount "72"]
[EventDate "2008.03.10"]
[EventType "swiss"]
[EventRounds "11"]
[EventCountry "BLR"]
[SourceTitle "CBM 123 Extra"]
[Source "ChessBase"]
[SourceDate "2008.05.06"]
[SourceVersion "1"]
[SourceVersionDate "2008.05.06"]
[SourceQuality "1"]

1. e4 c5 2. Nc3 e6 3. g3 d5 4. d3 dxe4 5. Nxe4 Bd7 6. Nf3 Bc6 7. Qe2 Nd7 8. Bg2 Ngf6 9. 0-0 Be7 10. Re1 0-0 11. Neg5 h6 12. Ne4 Qb6 13. Nfd2 Qa6 14. f4 Rfe8 15. b3 Nxe4 16. Nxe4 f5 17. Nc3 Bf6 18. Bb2 Bd4+ 19. Kf1 e5 20. Na4 Nf6 21. fxe5 Rxe5 22. Qd2 Rae8 23. Rxe5 Rxe5 24. Nxc5 Bxg2+ 25. Qxg2 Bxb2 26. Nxa6 Bxa1 27. Qxb7 Ng4 28. h3 Ne3+ 29. Kf2 Nd1+ 30. Kf1 Bc3 31. Qxa7 Re1+ 32. Kg2 Ne3+ 33. Kf3 Nxc2 34. Qc5 Nd4+ 35. Kf2 Re2+ 36. Kf1 Re1+ 1/2-1/2

[Event "BLR-ch (Women) 52nd"]
[Site "Minsk"]
[Date "2008.03.11"]
[Round "2"]
[White "Kovaleva, Ekaterina"]
[Black "Torgun, Alina"]
[Result "1-0"]
[WhiteElo "2151"]
[BlackElo "1893"]
[PlyCount "101"]
[EventDate "2008.03.10"]
[EventType "swiss"]
[EventRounds "11"]
[EventCountry "BLR"]
[SourceTitle "CBM 123 Extra"]
[Source "ChessBase"]
[SourceDate "2008.05.06"]
[SourceVersion "1"]
[SourceVersionDate "2008.05.06"]
[SourceQuality "1"]

1. d4 d5 2. c4 e6 3. Nc3 Nf6 4. Nf3 Nbd7 5. Bg5 Be7 6. e3 h6 7. Bh4 c6 8. Qc2 0-0 9. Rc1 dxc4 10. Bxc4 Nd5 11. Bg3 Nxc3 12. bxc3 Bf6 13. 0-0 Qa5 14. e4 e5 15. Bb3 Re8 16. Kh1 b6 17. Rfd1 exd4 18. cxd4 Bb7 19. e5 Be7 20. Qf5 Nf6 21. d5 Nxd5 22. Qd7 Qa6 23. Nd4 Rad8 24. Qg4 Bg5 25. Bxd5 Bxc1 26. Nf5 Bg5 27. h4 Rxd5 28. Rxd5 cxd5 29. Nd6 Bc8 30. Qf3 Rf8 31. hxg5 hxg5 32. Qxd5 Be6 33. Qd2 Qxa2 34. Qxg5 Qb1+ 35. Kh2 Qh7+ 36. Kg1 a5 37. Qe3 b5 38. f4 a4 39. Be1 b4 40. Bxb4 Rb8 41. Be1 Rb1 42. Ne4 Bd5 43. Nc3 Rb3 44. Qd4 Qc2 45. Nxd5 Rd3 46. Ne7+ Kf8 47. Qb4 Ke8 48. Nf5 Rd7 49. Nxg7+ Kd8 50. Qb8+ Qc8 51. Bh4+ 1-0